Đôi nét về nước Mỹ : Chính quyền Mỹ hoạt động như thế nào = About America : How the United States is governed

"Đôi nét về nước Mỹ : Chính quyền Mỹ hoạt động như thế nào" là một cuốn sách trình bày rất khái quát về cấu trúc và hoạt động của chính quyền Mỹ, với phương thức không tuyên truyền, biểu cảm, vì vậy rất tiện cho bạn đọc nhi...

Full description

Saved in:
Bibliographic Details
Format: Book
Language:Undetermined
Published: Hà Nội Từ điển Bách Khoa 2007
Subjects:
Tags: Add Tag
No Tags, Be the first to tag this record!
Institutions: Trung tâm Học liệu Trường Đại học Cần Thơ
LEADER 01309nam a2200217Ia 4500
001 CTU_139172
008 210402s9999 xx 000 0 und d
082 |a 320.4 
082 |b Đ428 
245 0 |a Đôi nét về nước Mỹ : Chính quyền Mỹ hoạt động như thế nào = 
245 0 |b About America : How the United States is governed 
245 0 |c Nhiều tác giả 
260 |a Hà Nội 
260 |b Từ điển Bách Khoa 
260 |c 2007 
520 |a "Đôi nét về nước Mỹ : Chính quyền Mỹ hoạt động như thế nào" là một cuốn sách trình bày rất khái quát về cấu trúc và hoạt động của chính quyền Mỹ, với phương thức không tuyên truyền, biểu cảm, vì vậy rất tiện cho bạn đọc nhìn nhận một cách khoa học.Sách trình bày song ngữ để đảm bảo tính chuẩn xác khi xem xét. 
650 |a Government publicity,United States,Chính quyền công,Nước Mỹ 
650 |x Politics and government,Chính trị và chính quyền 
650 |z United States,Nước Mỹ 
904 |i Đặng Cẩm Thuỳ 
980 |a Trung tâm Học liệu Trường Đại học Cần Thơ